Countries of the World Quiz - 5 Minute Sprint - Statistics

General Stats
  • This quiz has been taken 28 times
  • The average score is 106 of 196
Answers on the Map
Answers color-coded by a green-red scale on the quiz's map according to % correct below.
 
Answer Stats
Country % Correct
Brazil
90%
Canada
90%
Denmark
90%
Japan
90%
Argentina
86%
Chile
86%
China
86%
Finland
86%
France
86%
Mexico
86%
Norway
86%
Russia
86%
Australia
81%
Germany
81%
Iceland
81%
Italy
81%
Spain
81%
Sweden
81%
United Kingdom
81%
United States
81%
Colombia
76%
Ecuador
76%
Ireland
76%
Paraguay
76%
Ukraine
76%
Bolivia
71%
Cuba
71%
Egypt
71%
Estonia
71%
Haiti
71%
India
71%
Jamaica
71%
New Zealand
71%
Poland
71%
Portugal
71%
Bahamas
67%
Belarus
67%
Belgium
67%
Fiji
67%
Iran
67%
Israel
67%
Laos
67%
Latvia
67%
Mongolia
67%
Morocco
67%
Netherlands
67%
North Korea
67%
Peru
67%
South Korea
67%
Venezuela
67%
Yemen
67%
Bosnia and Herzegovina
62%
Bulgaria
62%
Costa Rica
62%
Croatia
62%
El Salvador
62%
Greece
62%
Honduras
62%
Kazakhstan
62%
Lithuania
62%
Nepal
62%
Niger
62%
Oman
62%
Pakistan
62%
Panama
62%
Switzerland
62%
Uruguay
62%
Vietnam
62%
Albania
57%
Andorra
57%
Angola
57%
Austria
57%
Belize
57%
Bhutan
57%
Chad
57%
Czech Republic
57%
Democratic Republic of the Congo
57%
Dominican Republic
57%
Guyana
57%
Hungary
57%
Iraq
57%
Libya
57%
Liechtenstein
57%
Luxembourg
57%
Malta
57%
Nigeria
57%
Romania
57%
South Africa
57%
Sudan
57%
Algeria
52%
Armenia
52%
Barbados
52%
Cambodia
52%
Cyprus
52%
Dominica
52%
Ethiopia
52%
Guatemala
52%
Guinea
52%
Kuwait
52%
Papua New Guinea
52%
Republic of the Congo
52%
Saudi Arabia
52%
Slovakia
52%
Thailand
52%
Turkey
52%
United Arab Emirates
52%
Botswana
48%
Comoros
48%
Central African Republic
48%
Federated States of Micronesia
48%
Georgia
48%
Grenada
48%
Indonesia
48%
Ivory Coast
48%
Jordan
48%
Kiribati
48%
Madagascar
48%
Malaysia
48%
Maldives
48%
Mali
48%
Monaco
48%
Montenegro
48%
Qatar
48%
San Marino
48%
Serbia
48%
Slovenia
48%
Suriname
48%
Taiwan
48%
Uzbekistan
48%
Azerbaijan
43%
Bangladesh
43%
Benin
43%
Djibouti
43%
Kosovo
43%
Lesotho
43%
Marshall Islands
43%
Mauritania
43%
Moldova
43%
Namibia
43%
Nicaragua
43%
Saint Kitts and Nevis
43%
Saint Lucia
43%
Saint Vincent and the Grenadines
43%
Samoa
43%
Senegal
43%
South Sudan
43%
Sri Lanka
43%
Syria
43%
Togo
43%
Trinidad and Tobago
43%
Tunisia
43%
Turkmenistan
43%
Vatican City
43%
Zambia
43%
Zimbabwe
43%
Afghanistan
38%
Antigua and Barbuda
38%
Bahrain
38%
Brunei
38%
East Timor
38%
Eritrea
38%
Gambia
38%
Ghana
38%
Guinea-Bissau
38%
Kenya
38%
Kyrgyzstan
38%
Lebanon
38%
Liberia
38%
Myanmar
38%
Nauru
38%
North Macedonia
38%
Palau
38%
Philippines
38%
Singapore
38%
Solomon Islands
38%
Somalia
38%
Tonga
38%
Tuvalu
38%
Burkina Faso
33%
Burundi
33%
Cameroon
33%
Cape Verde
33%
Gabon
33%
Malawi
33%
Mozambique
33%
Tajikistan
33%
Vanuatu
33%
São Tomé and Príncipe
29%
Tanzania
29%
Equatorial Guinea
24%
Eswatini
24%
Mauritius
24%
Rwanda
24%
Sierra Leone
24%
Uganda
24%
Seychelles
19%
No matching quizzes found
Score Distribution
Percent of People with Each Score
Percentile by Number Answered
Your Score History
You have not taken this quiz